000 00414nmm a2200145 a 4500
003 AR-BaBNM
005 20251128203116.0
008 293119s1901 ||||||||||||||000 | spa||
040 _cAR-BaBNM
100 1 _aGutiérrez, José María
_d1831-1903
245 1 0 _aEducación Común en la Capital, Provincias y Territorios Nacionales
_baño 1900
260 _a[S.l.]
_bBiedma
_c1901
942 _cBK
998 _cMEDINA ERNST
999 _c1935
_d1935